|
|
|
|
| LEADER |
01215nam a2200277 a 4500 |
| 001 |
14468324 |
| 008 |
120427s2007 maua b 001 0ceng |
| 010 |
|
|
|a 2006024333
|
| 020 |
|
|
|a 9788131721018
|
| 020 |
|
|
|a 0321486811 (alk. paper)
|
| 040 |
|
|
|a DLC
|c DLC
|d YDXCP
|d BAKER
|d OCLCQ
|d DLC
|d BD-DhAAL
|
| 050 |
0 |
0 |
|a QA76.76.C65
|b A37 2007
|
| 082 |
0 |
0 |
|a 005.4/53
|2 22
|
| 245 |
0 |
0 |
|a Compilers :
|b principles, techniques, & tools /
|c Alfred V. Aho ... [et al.].
|
| 250 |
|
|
|a 2nd ed.
|
| 260 |
|
|
|a Boston ;
|a New Delhi :
|b Pearson/Addison Wesley,
|c c2007.
|
| 300 |
|
|
|a xxiv, 1009 p. :
|b ill. ;
|c 25 cm.
|
| 500 |
|
|
|a Rev. ed. of: Compilers, principles, techniques, and tools / Alfred V. Aho, Ravi Sethi, Jeffrey D. Ullman. 1986.
|
| 504 |
|
|
|a Includes bibliographical references and index.
|
| 541 |
|
|
|e 00025045
|
| 650 |
|
0 |
|a Compilers (Computer programs)
|
| 700 |
1 |
|
|a Aho, Alfred V.
|
| 700 |
1 |
|
|a Aho, Alfred V.
|t Compilers, principles, techniques, and tools.
|
| 852 |
1 |
|
|a Ayesha Abed Library
|c General shelf.
|
| 999 |
|
|
|c 12120
|d 12120
|
| 952 |
|
|
|0 0
|1 0
|2 ddc
|4 0
|6 005_453000000000000_COM
|7 0
|9 20103
|a BRACUL
|b BRACUL
|c GEN
|d 2012-04-26
|e Parama Publishers
|g 718.80
|l 38
|m 313
|o 005.453 COM
|p 3010025045
|r 2026-05-17
|s 2026-02-02
|t 1
|w 2012-04-27
|y BK
|